Cenová stimulace jakosti 5. téma. Diaľkový korešpondenčný kurz: Právne úpravy zabezpečenia akosti výrobkov

Salvato in:
Dettagli Bibliografici
Autore principale: Knobloch, Vladislav
Natura: Libro
Lingua:ceco
slovacco
Pubblicazione: Banská Bystrica Dom techn. ČSVTS 1986
Edizione:1. vyd.
Tags: Aggiungi Tag
Nessun Tag, puoi essere il primo ad aggiungerne!!

MARC

LEADER 00000nam a2200000 4500
001 c030018
005 20221219100418.4
041 0 |a cze 
041 0 |a slo 
044 |a SK 
245 1 0 |a Cenová stimulace jakosti  |b 5. téma. Diaľkový korešpondenčný kurz: Právne úpravy zabezpečenia akosti výrobkov  |c Vladislav Knobloch 
250 |a 1. vyd. 
264 1 |a Banská Bystrica  |b Dom techn. ČSVTS  |c 1986 
300 |a 46 s. 
100 1 |a Knobloch, Vladislav